Quizzes
Events
Quiz Creation
Community
Videos
Private Events
Remove Ads
Sign In
Join for FREE
Feedback
Dark Mode
Quiz Categories
Sports
Geography
Music
Movies
Television
Just For Fun
Miscellaneous
History
Literature
Language
Science
Gaming
Entertainment
Religion
Holiday
For Kids
Quiz Lab
Recent
Popular Today
Quiz Kudos Today
Editor Picks
Curator Picks
Quizzes by...
Day
Popularity
Type
Ratings
Length
Year
Community
Subscriptions
Recent Discussions
Orange Saloon
Badges
Playlists
Quests
Create
Leaderboards
Showdown
Live 5
Trivia Bingo
Activity
Puzzle Library
Sporcle Events
Private Events
Virtual Trivia
Globe League
Become a Host
Pub Owners
SporcleCon
Opinionation
Our Games
Videos
Blog
Mobile Apps
Partnerships
Remove Ads and Go Orange
Feedback
Entertainment
Celebrity
Famous
Musical
Broadway
Show
Quote
Comic Books
Anime
Superhero
DC Comics
Marvel
Cartoons
Animation
Entertainment
Celebrity
Famous
Musical
Broadway
Show
Quote
Comic Books
Anime
Superhero
DC Comics
Marvel
Cartoons
Animation
Random Quiz
Search Sporcle
×
Quiz Lab
Quiz Lab
Entertainment
Celebrity
Type in answers that appear in a list
Type in answers that appear in a list
Classic
Best Score? Go Orange.
When are these people's birthdays? Stats
Can you name the When are these people's birthdays??
By
switchfootgirl
9m
43 Questions
54 Plays
54 Plays
54 Plays
Comments
Comments
Give Quiz Kudos
Give Quiz Kudos
-
- Ratings
hide this ad
Forced Order
Answers have to be entered in order
Answers have to be entered in order
Random Order
Randomize order of answers
Randomize order of answers
Replay
Link that replays current quiz
Next Quiz
Link to next quiz in quiz playlist
You Got
0%
They Got
Avg Score
42%
Avg Friend Score
Upgrade to see
Score Distribution
Jump to the score distribution portion of the page
Score
0/43
Timer
09:00
0
Plays Today
Celebrity
Birthday(just month and day)ex:July 25
% Correct
Britney Spears
December 2
70.4%
Michael Jackson
August 29
63%
Christina Aguilera
December 18
59.3%
Jennifer Aniston
February 11
57.4%
Will Smith
September 25
55.6%
Angelina Jolie
June 4
55.6%
Hilary Duff
September 28
51.9%
Jessica Simpson
July 10
50%
Tom Cruise
July 3
50%
Amanda Bynes
April 3
50%
Megan Fox
May 16
48.1%
Oprah Winfrey
January 29
46.3%
Ellen Degeneres
January 26
46.3%
Brad Pitt
December 18
46.3%
Jennifer Lopez
July 24
44.4%
Zac Efron
October 18
44.4%
Jessica Alba
April 28
44.4%
Halle Berry
August 14
44.4%
Cameron Diaz
August 30
44.4%
Jim Carrey
January 17
42.6%
Nicole Richie
September 21
42.6%
Hilary Clinton
October 26
42.6%
Celebrity
Birthday(just month and day)ex:July 25
% Correct
Kim Kardashian
October 21
42.6%
Vanessa Hudgens
December 14
42.6%
Peyton Manning
March 24
40.7%
Bill Cosby
July 12
38.9%
David Letterman
April 12
38.9%
Richard Nixon
January 9
37%
Hugh Grant
September 9
37%
Barbara Walters
September 25
37%
Chris Brown
May 5
37%
Kanye West
June 8
37%
Anne Hathaway
November 12
37%
John Mayer
October 16
35.2%
Lauren Conrad
February 1
35.2%
Rachel Ray
August 25
35.2%
Christina Applegate
November 25
35.2%
OJ Simpson
July 9
33.3%
Rhianna
February 7
31.5%
Fergie
March 27
31.5%
John Cena
April 23
27.8%
Jessica Biel
March 3
27.8%
Brooke Shields
May 31
25.9%
Quiz Playlist
Details
Report
Send in Message
Add To Playlist
Classic:
Type in answers that appear in a list
Forced Order:
Answers have to be entered in order
Random Order:
Randomize order of answers
Last Updated: Feb 16, 2017
Quiz Scoreboard
CHALLENGE
Sign Up to Join the Scoreboard
Show All
Scores
Hide
Comments
May contain spoilers
Recently Published
Movies - When Are They Set?
by FPL_Elf
Movies
5m
Popular People in 1961
by mucciniale
History
6m
1-10 Letter E Words III
by El_Dandy
Language
2m
More to Explore
Quiz From the Vault
Featured Blog Post
Where Did the Easter Bunny Come From?
hide this ad
You Might Also Like...
Tags
Celebrity Quiz
Birthday
July
month
Today's Top Quizzes in Entertainment
Browse Entertainment
hide this ad
Today's Top Quizzes in Celebrity
Browse Celebrity
Top Contributed Quizzes in Entertainment
1
Kamen Rider Motifs
2
Dragon Ball Z: Goku's Fights in Order
3
Dragon Ball Z: Mega Character Search
4
One Piece Arcs By Order III
5
Survivor Winners Logic Quiz
6
Undead Unluck Minefield
7
Criteria Quickie: Cartoon Taxonomy II
8
Marvel Characters Bunker
9
Who Wants to Be a Millionaire: Anime Edition
10
Demon Slayer 11-1
Explore More
Trending Topics
Marvel
Harry Potter
NBA
Anime
Disney
Kpop
Crossword
Soccer
Puzzle
Country
Song
NFL
The Office
WWE
Pokémon
hide this ad
More By:
switchfootgirl
Quiz
Plays
Rating
Category
Featured
Created
Pick the Songs on Nevermind
8,098
4.74
Music
May 11, 2012
Click In The Blank (Movies)
6,122
3.86
Movies
May 1, 2012
Top 50 Girl Baby Names 2005
4,946
3.79
Miscellaneous
Oct 14, 2009
Click In The Blank (Songs)
3,724
4.57
Music
May 1, 2012
Top 300 Songs Of All Time
1,552
5.00
Music
Jun 17, 2012
Go to Creator's Profile
Score Distribution
Quiz Creator Spotlight
switchfootgirl
Follow
Send a Message
Quizzes Created
-
Created Quiz Play Count
-
More By This Creator
Popular Quizzes Today
1
Find the US States - No Outlines Minefield
2
Find the Countries of Europe - No Outlines Minefield
3
The Countries of the World
4
Popular People in 1961
5
1-10 Letter E Words III
6
US States
7
Find the US States
8
One Thing in Common: World Cities II
More Entertainment Quizzes
Bonus Round Blitz! - Quote
Editor's Pick
Trending Quizzes
Risky Map Clicking: Least Populous States A-Z
1-10 Letter F Words
1-10 Letter G Words
One Thing in Common: United Kingdom
Risky Map Clicking: Next State Alphabetically
Recently Updated
Leaping Animals
pecheneg
Reality TV Shows (A-Z)
bhenderson79
Rickey Henderson's Hall of Fame Teammates
pecheneg
Champions League XIs: Arsenal
pecheneg
Quick Pick: Celebrities in WWE's Hall of Fame
aduchscher
A-Z Keypad Blitz II
pecheneg
Multiple Oscar Actors
pecheneg
Mystery Phrase Blitz: Oscar 'Best Actors'
pecheneg
F. Scott Fitzgerald Novels
LTH
Pick 3 Villains
ddd62291
Trending Topics
Harry Potter
NBA
Disney
Kpop
Crossword
Anime
Marvel
NFL
The Office
Pokémon
Soccer
WWE
Puzzle
Song
Country
Your Account Isn't Verified!
In order to create a playlist on Sporcle, you need to verify the email address you used during registration. Go to your
Sporcle Settings
to finish the process.
Report this User
Report this user for behavior that violates our
Community Guidelines
.
Details:
Send Report
Go to the Sporcle.com Mobile Site →
Comments